[Event "Obert Figueres Miquel Mas 2010"]
[Site "Figueres ESP"]
[Date "2010.08.16"]
[Round "7.28"]
[White "Cano Egea, Gerard"]
[Black "Padrosa Baro, Carles"]
[Result "1-0"]
[WhiteElo "1698"]
[BlackElo "1862"]
[PlyCount "90"]
[EventDate "2011.08.11"]
[EventType "swiss"]
[EventRounds "9"]
[EventCountry "ESP"]
[Source "lmi"]
[SourceDate "2010.08.11"]

1. e4 c5 2. Nf3 e6 3. c3 Nf6 4. e5 Nd5 5. d4 d6 6. Bd3 cxd4 7. cxd4 Be7 8. O-O
O-O 9. Nc3 Nc6 10. Qe2 Re8 11. Re1 Nxc3 12. bxc3 d5 13. Bc2 f5 14. exf6 Bxf6
15. Qd3 g6 16. Ne5 Nxe5 17. dxe5 Bg7 18. Re3 Rf8 19. Rh3 Qe8 20. Bh6 Bd7 21.
Bxg7 Kxg7 22. Qe3 Qf7 23. Bxg6 Qf4 24. Qxf4 Rxf4 25. Rxh7+ Kxg6 26. Rxd7 Rc4
27. Rxb7 Rxc3 28. g3 Rc2 29. a4 a6 30. Rab1 Rc4 31. R1b4 Rac8 32. R7b6 a5 33.
Rxe6+ Kf5 34. Rbb6 Ke4 35. h4 d4 36. Kg2 Rxa4 37. Rbd6 Ra2 38. h5 d3 39. h6 d2
40. h7 Rh8 41. Re7 a4 42. e6 Ke5 43. Red7 d1=Q 44. Rxd1 Kxe6 45. R1d6+ Ke5 1-0

[Event "Obert Figueres Miquel Mas 2010"]
[Site "Figueres ESP"]
[Date "2010.08.16"]
[Round "7.29"]
[White "Suita Rodriguez, Natalia"]
[Black "Mirasol Obrador, Miquel"]
[Result "0-1"]
[WhiteElo "1600"]
[BlackElo "1832"]
[PlyCount "54"]
[EventDate "2011.08.11"]
[EventType "swiss"]
[EventRounds "9"]
[EventCountry "ESP"]
[Source "lmi"]
[SourceDate "2010.08.11"]

1. d4 d5 2. c4 e6 3. Nc3 Nf6 4. Bg5 Be7 5. Nf3 O-O 6. e3 Nc6 7. Bd3 h6 8. Bh4
Nb4 9. Be2 dxc4 10. a3 Nbd5 11. Bxc4 Nxc3 12. bxc3 Nd5 13. Bxd5 exd5 14. Bxe7
Qxe7 15. O-O Bg4 16. h3 Bh5 17. g4 Bg6 18. Qb3 c6 19. Rac1 Bd3 20. Rfd1 f5 21.
Ne5 Qh4 22. Nxd3 fxg4 23. hxg4 Rf3 24. Kf1 Raf8 25. Rc2 Qxg4 26. c4 Rg3 27. f4
Rg1+ 0-1

[Event "Obert Figueres Miquel Mas 2010"]
[Site "Figueres ESP"]
[Date "2010.08.16"]
[Round "7.30"]
[White "Torrent Lagresa, Josep M"]
[Black "Garcia-Castany Musellas, Gal La"]
[Result "1-0"]
[WhiteElo "1641"]
[BlackElo "1753"]
[PlyCount "119"]
[EventDate "2011.08.11"]
[EventType "swiss"]
[EventRounds "9"]
[EventCountry "ESP"]
[Source "lmi"]
[SourceDate "2010.08.11"]

1. e4 e5 2. Nf3 Nc6 3. Bb5 a6 4. Ba4 Nf6 5. O-O b5 6. Bb3 Be7 7. Re1 d6 8. h3
Na5 9. Nc3 Nxb3 10. axb3 c5 11. Nxb5 Bxh3 12. Nxd6+ Bxd6 13. gxh3 O-O 14. d3
Nd7 15. Kh2 f5 16. Rg1 f4 17. Rg2 Re8 18. Qg1 Bf8 19. Bd2 Re6 20. Bc3 Qe7 21.
Rg5 Re8 22. Ra4 Qf6 23. Ra1 Qf7 24. Rd1 Rh6 25. Nxe5 Nxe5 26. Bxe5 Rxe5 27.
Rxe5 Bd6 28. Rd5 f3+ 29. Rxd6 Rxd6 30. Qg4 Qf8 31. Rg1 Rg6 32. Qf5 Rf6 33. Qd5+
Kh8 34. Rg3 h6 35. Qe5 Rf4 36. Rg4 Rxg4 37. hxg4 Qd8 38. Kg3 Qf8 39. Qf4 Qd8
40. Qxf3 Qd4 41. c3 Qd6+ 42. Kg2 Qb6 43. e5 Qxb3 44. Qe2 Qd5+ 45. f3 Qe6 46. d4
cxd4 47. cxd4 a5 48. Qd3 Qd5 49. b3 Qe6 50. Kg3 Qd5 51. Qc4 Qxc4 52. bxc4 Kg8
53. c5 Kf8 54. c6 Ke8 55. d5 a4 56. d6 a3 57. c7 Kd7 58. e6+ Kc8 59. e7 Kd7 60.
c8=Q+ 1-0

[Event "Obert Figueres Miquel Mas 2010"]
[Site "Figueres ESP"]
[Date "2010.08.16"]
[Round "7.31"]
[White "Pinsach Gelabert, Alexandre"]
[Black "Vidal Palou, Jordi"]
[Result "1-0"]
[WhiteElo "1735"]
[BlackElo "1649"]
[PlyCount "127"]
[EventDate "2011.08.11"]
[EventType "swiss"]
[EventRounds "9"]
[EventCountry "ESP"]
[Source "lmi"]
[SourceDate "2010.08.11"]

1. d4 Nf6 2. Bg5 h6 3. Bxf6 gxf6 4. c4 d6 5. e4 h5 6. Nc3 Bh6 7. Be2 h4 8. Nf3
Bf4 9. Nxh4 Rxh4 10. g3 Bxg3 11. fxg3 Rh8 12. Bg4 Nc6 13. Bxc8 Qxc8 14. Qa4 Qd7
15. O-O-O Nd8 16. Qxd7+ Kxd7 17. d5 c6 18. Kd2 e6 19. Rdf1 Ke7 20. Nd1 cxd5 21.
cxd5 Rc8 22. Ne3 b6 23. h4 Nb7 24. b4 a5 25. a3 axb4 26. axb4 b5 27. Rc1 Kd7
28. Rhf1 Rcg8 29. Rxf6 Nd8 30. Rf3 Rh5 31. Rh1 Re5 32. Kd3 Rh5 33. g4 Re5 34.
g5 Rh8 35. Rhh3 exd5 36. exd5 Rhe8 37. Rf4 Rh8 38. Rf5 Re7 39. h5 Ke8 40. h6
Ra7 41. Rhf3 Ra3+ 42. Kd2 Ra1 43. Rf1 Ra2+ 44. Nc2 Ke7 45. Re1+ Kd7 46. Ra1 Ra4
47. Rxa4 bxa4 48. Kc3 Ke7 49. Kb2 f6 50. Rxf6 Nf7 51. Rg6 Ne5 52. Rg7+ Ke8 53.
Ne3 Nf7 54. Ka3 Nxh6 55. gxh6 Rxh6 56. Kxa4 Rh3 57. Nc4 Kf8 58. Rd7 Rh4 59.
Nxd6 Rd4 60. Rd8+ Ke7 61. Nf5+ Kxd8 62. Nxd4 Kd7 63. Ka5 Kc7 64. Ka6 1-0

[Event "Obert Figueres Miquel Mas 2010"]
[Site "Figueres ESP"]
[Date "2010.08.16"]
[Round "7.32"]
[White "Aguila Hernandez, Eduardo"]
[Black "Andres Sebastian, Luis"]
[Result "1-0"]
[WhiteElo "1734"]
[BlackElo "1493"]
[PlyCount "82"]
[EventDate "2011.08.11"]
[EventType "swiss"]
[EventRounds "9"]
[EventCountry "ESP"]
[Source "lmi"]
[SourceDate "2010.08.11"]

1. e4 e5 2. Nf3 Nc6 3. Bc4 Nf6 4. Ng5 d5 5. exd5 Nxd5 6. Nxf7 Qf6 7. Bxd5 Be6
8. Bxe6 Bc5 9. O-O Rf8 10. Bc4 Rxf7 11. Bxf7+ Kxf7 12. Nc3 Ne7 13. Ne4 Qg6 14.
Qf3+ Nf5 15. Nxc5 Kg8 16. Qd5+ Kh8 17. f4 c6 18. Qe6 Qxe6 19. Nxe6 e4 20. Nc5
Nd6 21. Re1 Re8 22. d3 b6 23. Nxe4 Nb5 24. Be3 c5 25. a4 Nc7 26. Bf2 h6 27. Nd6
Rf8 28. Re7 Nd5 29. Re8 Rxe8 30. Nxe8 Nxf4 31. Re1 Kg8 32. Nd6 Nd5 33. Re8+ Kh7
34. Ra8 a5 35. Bxc5 bxc5 36. Rxa5 Nb4 37. Rxc5 Na6 38. d4 Kg6 39. Kf2 Kf6 40.
Re5 Nb4 41. Re2 Nd5 1-0

[Event "Obert Figueres Miquel Mas 2010"]
[Site "Figueres ESP"]
[Date "2010.08.16"]
[Round "7.33"]
[White "Garcia Castany, Jose"]
[Black "Puig Carres, Josep"]
[Result "0-1"]
[WhiteElo "1477"]
[BlackElo "1839"]
[PlyCount "70"]
[EventDate "2011.08.11"]
[EventType "swiss"]
[EventRounds "9"]
[EventCountry "ESP"]
[Source "lmi"]
[SourceDate "2010.08.11"]

1. d4 d5 2. c4 e6 3. Nc3 Nf6 4. e3 Be7 5. Bd3 O-O 6. a3 a6 7. Nf3 dxc4 8. Bxc4
b5 9. Bd3 Bb7 10. O-O Nbd7 11. Qe2 c5 12. b3 Rc8 13. Bb2 h6 14. Rac1 Qb6 15.
dxc5 Nxc5 16. Bc2 Rfd8 17. Rfd1 Nd5 18. Nxd5 Bxd5 19. Bd4 Qb7 20. Bxc5 Bxc5 21.
b4 Be7 22. Qd3 Bf6 23. Qh7+ Kf8 24. e4 Bc6 25. Rxd8+ Rxd8 26. e5 Bg5 27. Nxg5
hxg5 28. Qh8+ Ke7 29. Qxg7 Rf8 30. Qxg5+ Kd7 31. Rd1+ Kc8 32. f3 Qa7+ 33. Kf1
Bd5 34. Qd2 Bc4+ 35. Ke1 Qg1# 0-1

[Event "Obert Figueres Miquel Mas 2010"]
[Site "Figueres ESP"]
[Date "2010.08.16"]
[Round "7.34"]
[White "Fleta Marin, Sergio"]
[Black "Febrero Perez, Lluis"]
[Result "1-0"]
[WhiteElo "1720"]
[BlackElo "1568"]
[PlyCount "35"]
[EventDate "2011.08.11"]
[EventType "swiss"]
[EventRounds "9"]
[EventCountry "ESP"]
[Source "lmi"]
[SourceDate "2010.08.11"]

1. e4 e5 2. Nf3 Nc6 3. d4 exd4 4. Nxd4 Qh4 5. Qd3 Bc5 6. Be3 Nb4 7. Qc3 Bxd4 8.
Bxd4 Qxe4+ 9. Kd1 Nxc2 10. Bxg7 Nxa1 11. Nd2 Qa4+ 12. Kc1 Qxa2 13. Bc4 Qa4 14.
Re1+ Ne7 15. Bf6 Rg8 16. Rxe7+ Kf8 17. Rxf7+ Ke8 18. Qe5# 1-0

[Event "Obert Figueres Miquel Mas 2010"]
[Site "Figueres ESP"]
[Date "2010.08.16"]
[Round "7.36"]
[White "Cruanas Verdu, Joaquim"]
[Black "Vidal Zamora, Cristina"]
[Result "0-1"]
[WhiteElo "1554"]
[BlackElo "1677"]
[PlyCount "122"]
[EventDate "2011.08.11"]
[EventType "swiss"]
[EventRounds "9"]
[EventCountry "ESP"]
[Source "lmi"]
[SourceDate "2010.08.11"]

1. e4 e5 2. Nf3 Nc6 3. Nc3 d6 4. Bc4 Bg4 5. d3 Be7 6. Nd5 Nf6 7. Ne3 Bxf3 8.
Qxf3 Nd4 9. Qg3 Nh5 10. Qg4 g6 11. c3 Nf6 12. Qh3 b5 13. Bxf7+ Kxf7 14. cxd4
exd4 15. Ng4 Nxg4 16. Qxg4 Kg7 17. O-O h5 18. Qe2 Qd7 19. f4 Raf8 20. f5 d5 21.
exd5 Rxf5 22. Rxf5 gxf5 23. Qf3 Bd6 24. Bf4 Bxf4 25. Qxf4 Qxd5 26. Qxc7+ Qf7
27. Qe5+ Qf6 28. Qxb5 Qe6 29. Qb7+ Kg6 30. Qxa7 Qe3+ 31. Kh1 Re8 32. h3 Qxd3
33. Qb6+ Kg5 34. a4 Qe4 35. a5 d3 36. Qf2 h4 37. a6 Qd5 38. Qd2+ Kg6 39. a7 Re2
40. Ra6+ Kf7 41. a8=Q Qxa8 42. Rxa8 Rxd2 43. Rd8 Ke7 44. Rd4 Ke6 45. b4 Ke5 46.
Rd8 Ke4 47. Kg1 Rb2 48. Re8+ Kd4 49. Kf1 Rxb4 50. Ke1 Rb1+ 51. Kd2 Rb2+ 52. Kd1
Rxg2 53. Rh8 Ke3 54. Re8+ Kf3 55. Rf8 f4 56. Rd8 d2 57. Rd3+ Ke4 58. Rd6 f3 59.
Rb6 Kd3 60. Rf6 Ke4 61. Ra6 Kf4 0-1

[Event "Obert Figueres Miquel Mas 2010"]
[Site "Figueres ESP"]
[Date "2010.08.16"]
[Round "7.38"]
[White "Sanchez Urpi, Xavier"]
[Black "Regincos Oliva, Laura"]
[Result "0-1"]
[WhiteElo "1370"]
[BlackElo "1337"]
[PlyCount "84"]
[EventDate "2011.08.11"]
[EventType "swiss"]
[EventRounds "9"]
[EventCountry "ESP"]
[Source "lmi"]
[SourceDate "2010.08.11"]

1. e4 c5 2. Nf3 e6 3. d4 cxd4 4. Nxd4 a6 5. Nc3 b5 6. a3 Bc5 7. Be3 Ba7 8. Qd2
Ne7 9. f3 O-O 10. Be2 Bb7 11. g4 Nbc6 12. O-O-O Re8 13. h4 b4 14. Nb1 Qb6 15.
Nxc6 Qxe3 16. Nxa7 Qxd2+ 17. Rxd2 bxa3 18. Nxa3 d5 19. N7b5 axb5 20. Bxb5 Reb8
21. exd5 Bxd5 22. Be2 g6 23. Rhd1 Rc8 24. Kb1 Rcb8 25. Nb5 Ba2+ 26. Kc1 Bc4 27.
Nc3 Ra1+ 28. Nb1 Ba2 29. Rd8+ Rxd8 30. Rxd8+ Kg7 31. b3 Rxb1+ 32. Kd2 Nc6 33.
Ra8 Bxb3 34. cxb3 Rxb3 35. Rc8 Nd4 36. Bd1 Nxf3+ 37. Bxf3 Rxf3 38. Rc4 Rh3 39.
g5 h6 40. gxh6+ Kxh6 41. Rc8 Rxh4 42. Rf8 Kg7 0-1

[Event "Obert Figueres Miquel Mas 2010"]
[Site "Figueres ESP"]
[Date "2010.08.16"]
[Round "7.40"]
[White "Ros Agusti, Salvador"]
[Black "Gallegos Saliner, Josep M"]
[Result "0-1"]
[WhiteElo "1603"]
[BlackElo "1560"]
[PlyCount "78"]
[EventDate "2011.08.11"]
[EventType "swiss"]
[EventRounds "9"]
[EventCountry "ESP"]
[Source "lmi"]
[SourceDate "2010.08.11"]

1. d4 Nf6 2. c4 g6 3. Nc3 Bg7 4. e4 d6 5. Nf3 O-O 6. g3 e5 7. d5 Nbd7 8. Bg2
Ne8 9. O-O f5 10. Bg5 Ndf6 11. Nd2 h6 12. Bxf6 Nxf6 13. exf5 Bxf5 14. Be4 Nxe4
15. Ndxe4 Qd7 16. Qd2 Bh3 17. Rfe1 Qf5 18. Qe3 Bg4 19. Rf1 Bf3 20. Rac1 Qh3 21.
Qxf3 Rxf3 22. Ne2 Qg4 23. Nd2 Rd3 24. f3 Qh5 25. g4 Qh3 26. Rc2 Rf8 27. Ng3 Qh4
28. Kg2 h5 29. gxh5 gxh5 30. Nde4 Bh6 31. Rcf2 Bf4 32. Rh1 Rf7 33. Rg1 Be3 34.
Nh1 Rg7+ 35. Nhg3 Bxf2 36. Nxf2 Rd2 37. Kf1 Qxc4+ 38. Kg2 Qc2 39. Rf1 h4 0-1

[Event "Obert Figueres Miquel Mas 2010"]
[Site "Figueres ESP"]
[Date "2010.08.16"]
[Round "7.41"]
[White "Cano Egea, Joan Manuel"]
[Black "Puigvert Vigo, Lluis"]
[Result "1/2-1/2"]
[WhiteElo "1441"]
[BlackElo "1493"]
[PlyCount "42"]
[EventDate "2011.08.11"]
[EventType "swiss"]
[EventRounds "9"]
[EventCountry "ESP"]
[Source "lmi"]
[SourceDate "2010.08.11"]

1. e4 e5 2. Nf3 Nc6 3. Bb5 Nf6 4. O-O a6 5. Bxc6 bxc6 6. Nxe5 Bd6 7. Nf3 Bc5 8.
d4 Ba7 9. Bg5 d6 10. e5 dxe5 11. Nxe5 Bb7 12. Re1 O-O 13. Bxf6 gxf6 14. Qg4+
Kh8 15. Nf3 Rg8 16. Qh5 c5 17. Qxf7 Bxf3 18. Re7 Rxg2+ 19. Kf1 Qg8 20. Qxf6+
Rg7 21. Qxf3 Rf8 1/2-1/2

[Event "Obert Figueres Miquel Mas 2010"]
[Site "Figueres ESP"]
[Date "2010.08.17"]
[Round "8.1"]
[White "Barria Zuniga, Daniel"]
[Black "Aroshidze, Levan"]
[Result "1/2-1/2"]
[WhiteElo "2419"]
[BlackElo "2548"]
[PlyCount "83"]
[EventDate "2011.08.11"]
[EventType "swiss"]
[EventRounds "9"]
[EventCountry "ESP"]
[Source "lmi"]
[SourceDate "2010.08.11"]

1. d4 Nf6 2. c4 e6 3. Nf3 c5 4. d5 exd5 5. cxd5 d6 6. Nc3 g6 7. h3 a6 8. a4 Qe7
9. Bg5 Nbd7 10. Nd2 h6 11. Bh4 Bg7 12. e4 O-O 13. Be2 g5 14. Bg3 Ne5 15. O-O
Nfd7 16. Qc2 Ng6 17. Bg4 Nde5 18. Bxc8 Raxc8 19. Nd1 Nf4 20. Ne3 Ne2+ 21. Kh1
Nd4 22. Qb1 b5 23. f4 gxf4 24. Bxf4 c4 25. axb5 axb5 26. Ra6 Rcd8 27. Qd1 Nd3
28. Qg4 Nxf4 29. Rxf4 Qg5 30. Qxg5 hxg5 31. Rg4 Ra8 32. Rxa8 Rxa8 33. Rxg5 Kf8
34. Nexc4 bxc4 35. Nxc4 Ne2 36. g3 Bf6 37. Rg4 Be5 38. Kg2 Rb8 39. h4 Rb4 40.
Nxe5 dxe5 41. Rg5 Rxb2 42. Rxe5 1/2-1/2

[Event "Obert Figueres Miquel Mas 2010"]
[Site "Figueres ESP"]
[Date "2010.08.17"]
[Round "8.2"]
[White "Alonso Rosell, Alvar"]
[Black "Martinez Duany, Lelys Stanley"]
[Result "0-1"]
[WhiteElo "2521"]
[BlackElo "2510"]
[PlyCount "132"]
[EventDate "2011.08.11"]
[EventType "swiss"]
[EventRounds "9"]
[EventCountry "ESP"]
[Source "lmi"]
[SourceDate "2010.08.11"]

1. d4 Nf6 2. c4 d6 3. Nf3 g6 4. g3 Bg7 5. Nc3 O-O 6. Bg2 Nbd7 7. O-O e5 8. e4
c6 9. h3 Re8 10. Be3 exd4 11. Nxd4 Nc5 12. Qc2 a5 13. b3 Qe7 14. Rfe1 Nfd7 15.
Rad1 Nf8 16. f4 Bd7 17. Bf2 Rad8 18. a3 Nfe6 19. Nf3 Qf8 20. b4 axb4 21. axb4
Na6 22. Qb3 c5 23. b5 Nb4 24. Nd5 Nxd5 25. cxd5 c4 26. Qxc4 Rc8 27. Qb4 Bc3 28.
dxe6 Bxb4 29. exd7 Bxe1 30. Rxe1 Rc2 31. dxe8=Q Qxe8 32. b6 Qa4 33. Bf1 Qa3 34.
Nd4 Rd2 35. Kg2 Qc5 36. Ne2 Qb4 37. Ng1 Qxb6 38. Re2 Rxe2 39. Bxe2 Qb1 40. Bf3
b5 41. Ne2 b4 42. Nd4 b3 43. Nxb3 Qxb3 44. g4 f5 45. gxf5 gxf5 46. exf5 Qd3 47.
Bg4 d5 48. f6 Kf7 49. Bh4 d4 50. Bh5+ Ke6 51. f7 Qa3 52. Bg5 Qf8 53. Kf3 h6 54.
Bh4 Qa8+ 55. Kf2 Qb8 56. Kf3 Kf5 57. Bg4+ Kg6 58. Be6 Kg7 59. f5 d3 60. Bf2 Qd6
61. Bg3 d2 62. f8=Q+ Qxf8 63. Ke2 Qd8 64. Be5+ Kh7 65. Kd1 Qd3 66. f6 Qe4 0-1

[Event "Obert Figueres Miquel Mas 2010"]
[Site "Figueres ESP"]
[Date "2010.08.17"]
[Round "8.6"]
[White "Adrian, Claude"]
[Black "Cuadras Avellana, Jorge"]
[Result "1/2-1/2"]
[WhiteElo "2292"]
[BlackElo "2305"]
[PlyCount "111"]
[EventDate "2011.08.11"]
[EventType "swiss"]
[EventRounds "9"]
[EventCountry "ESP"]
[Source "lmi"]
[SourceDate "2010.08.11"]

1. c4 Nf6 2. Nc3 e6 3. e4 d5 4. e5 d4 5. exf6 dxc3 6. bxc3 Qxf6 7. Nf3 c5 8.
Bd3 Bd7 9. Be4 Bc6 10. Qe2 Bxe4 11. Qxe4 Nc6 12. Rb1 Qg6 13. Qxg6 hxg6 14. Rxb7
Na5 15. Rb5 Nxc4 16. d3 Nb6 17. c4 f6 18. Be3 Rc8 19. Kd2 g5 20. g4 Rh3 21. Ke2
Kd7 22. Rc1 e5 23. a4 Kc6 24. a5 Nd7 25. Rcb1 Rc7 26. Bd2 a6 27. R5b3 Rh8 28.
Ne1 Bd6 29. Nc2 Rcc8 30. Ne3 Rb8 31. Rxb8 Bxb8 32. Nd5 Bd6 33. Rh1 Rh3 34. Ne3
Nf8 35. Nf5 Ne6 36. Be3 Bc7 37. Ne7+ Kd7 38. Nd5 Bd8 39. Rb1 Kc6 40. Rb8 Bxa5
41. Ra8 Nc7 42. Nxc7 Bxc7 43. Rxa6+ Bb6 44. Ra8 Rxh2 45. Rc8+ Kd6 46. Rg8 Rh7
47. Kf3 Ba5 48. Ra8 Bb4 49. Ke4 Rh1 50. Ra6+ Ke7 51. Ra7+ Ke6 52. Rxg7 Rh4 53.
Kf3 Rh3+ 54. Ke4 Rh4 55. Kf3 Rh3+ 56. Ke4 1/2-1/2

[Event "Obert Figueres Miquel Mas 2010"]
[Site "Figueres ESP"]
[Date "2010.08.17"]
[Round "8.8"]
[White "Gomez, Gustavo Pizzocaro"]
[Black "Sorbe, Stephane"]
[Result "1/2-1/2"]
[WhiteElo "2142"]
[BlackElo "2358"]
[PlyCount "66"]
[EventDate "2011.08.11"]
[EventType "swiss"]
[EventRounds "9"]
[EventCountry "ESP"]
[Source "lmi"]
[SourceDate "2010.08.11"]

1. d4 d5 2. Nf3 Nf6 3. c4 c6 4. e3 Bg4 5. h3 Bxf3 6. Qxf3 e6 7. Nd2 Nbd7 8. Bd3
Bd6 9. O-O O-O 10. e4 e5 11. dxe5 dxe4 12. Nxe4 Nxe5 13. Nxf6+ Qxf6 14. Qxf6
gxf6 15. Rd1 c5 16. Bf1 Kg7 17. f4 Ng6 18. g3 f5 19. Bd3 Kf6 20. Kf2 h5 21. Kf3
Rg8 22. Bd2 Rg7 23. Rg1 Rag8 24. a3 Ne7 25. a4 b6 26. Rab1 a5 27. b3 Rh8 28.
Rh1 Ng8 29. Rbe1 Nh6 30. Rhg1 Rhg8 31. Re2 Rg6 32. Reg2 Re8 33. Re1 Reg8
1/2-1/2

[Event "Obert Figueres Miquel Mas 2010"]
[Site "Figueres ESP"]
[Date "2010.08.17"]
[Round "8.9"]
[White "Triadu Cassa, Jordi"]
[Black "Spielmann, Alain"]
[Result "0-1"]
[WhiteElo "2025"]
[BlackElo "2286"]
[PlyCount "126"]
[EventDate "2011.08.11"]
[EventType "swiss"]
[EventRounds "9"]
[EventCountry "ESP"]
[Source "lmi"]
[SourceDate "2010.08.11"]

1. e4 d6 2. d4 Nf6 3. Nc3 g6 4. Be3 c6 5. Qd2 b5 6. Bd3 Nbd7 7. Nf3 e5 8. dxe5
dxe5 9. h3 Bb7 10. a4 a6 11. Ne2 Bg7 12. Ng3 Qe7 13. O-O O-O 14. c4 b4 15. c5
a5 16. Qc2 h6 17. Rfd1 Rfd8 18. Rd2 Ne8 19. Rad1 Nf8 20. Bc4 Rxd2 21. Qxd2 Kh7
22. Nh2 Nc7 23. Qd6 Re8 24. Nf3 Nce6 25. Rd2 Qf6 26. Bxe6 Nxe6 27. Qd7 Qe7 28.
Qd6 Qxd6 29. cxd6 c5 30. Rc2 Rc8 31. d7 Rd8 32. Bxc5 Rxd7 33. Bb6 Nd4 34. Rc5
Nb3 35. Rc2 f6 36. Kh2 Bf8 37. Be3 Kg7 38. Nd2 Nxd2 39. Rxd2 Rxd2 40. Bxd2 h5
41. f3 Bc5 42. Nf1 Bc6 43. Be3 Bxe3 44. Nxe3 Bxa4 45. Nc4 Kf7 46. Kg3 Ke7 47.
Kf2 h4 48. Ke3 Bb5 49. Nxa5 Kd6 50. Nb3 Bf1 51. Kf2 Bc4 52. Nd2 Kc5 53. Ke3 Be6
54. Nb1 f5 55. exf5 gxf5 56. Nd2 Bd5 57. Kd3 Bc6 58. Ke3 Bb5 59. Nb1 Bf1 60.
Kf2 Bd3 61. Nd2 Kd4 62. g4 hxg3+ 63. Kxg3 Ke3 0-1

[Event "Obert Figueres Miquel Mas 2010"]
[Site "Figueres ESP"]
[Date "2010.08.17"]
[Round "8.10"]
[White "Colls Bosch, Emili"]
[Black "Sabria Batlle, Pol"]
[Result "1/2-1/2"]
[WhiteElo "2010"]
[BlackElo "2211"]
[PlyCount "28"]
[EventDate "2011.08.11"]
[EventType "swiss"]
[EventRounds "9"]
[EventCountry "ESP"]
[Source "lmi"]
[SourceDate "2010.08.11"]

1. e4 c5 2. Nf3 e6 3. b3 Nc6 4. Bb2 d6 5. c4 Nf6 6. Nc3 Be7 7. g3 O-O 8. Bg2 a6
9. O-O Bd7 10. d4 cxd4 11. Nxd4 Rc8 12. Rc1 Qb6 13. Nc2 Rfd8 14. Qe2 Be8
1/2-1/2

[Event "Obert Figueres Miquel Mas 2010"]
[Site "Figueres ESP"]
[Date "2010.08.17"]
[Round "8.11"]
[White "Casanellas Ruano, Lluis"]
[Black "Vidal Zamora, Alex"]
[Result "1/2-1/2"]
[WhiteElo "2182"]
[BlackElo "2150"]
[PlyCount "24"]
[EventDate "2011.08.11"]
[EventType "swiss"]
[EventRounds "9"]
[EventCountry "ESP"]
[Source "lmi"]
[SourceDate "2010.08.11"]

1. d4 Nf6 2. g3 g6 3. Bg2 Bg7 4. Nf3 O-O 5. O-O d6 6. c4 Nbd7 7. Nc3 c5 8. d5
a5 9. Ne1 Ne5 10. Nd3 Nxd3 11. Qxd3 Nd7 12. e4 f5 1/2-1/2

[Event "Obert Figueres Miquel Mas 2010"]
[Site "Figueres ESP"]
[Date "2010.08.17"]
[Round "8.12"]
[White "Lasinskas, Povilas"]
[Black "Sorroche Martin, Jose Maria"]
[Result "1-0"]
[WhiteElo "2180"]
[BlackElo "2147"]
[PlyCount "80"]
[EventDate "2011.08.11"]
[EventType "swiss"]
[EventRounds "9"]
[EventCountry "ESP"]
[Source "lmi"]
[SourceDate "2010.08.11"]

1. d4 Nf6 2. c4 e6 3. Nc3 Bb4 4. Qc2 c5 5. dxc5 Qa5 6. Bd2 Qxc5 7. e3 d5 8. a3
Bxc3 9. Bxc3 Nbd7 10. Nf3 b6 11. Rc1 Bb7 12. Bb4 Qc7 13. Nd4 a6 14. Qb1 Rc8 15.
Be2 dxc4 16. Rxc4 Qb8 17. Rxc8+ Bxc8 18. a4 Nc5 19. Qc2 O-O 20. a5 Re8 21. axb6
Ncd7 22. Ba5 Bb7 23. Qc7 Bxg2 24. Rg1 Bb7 25. f3 Rc8 26. Qxb8 Nxb8 27. Kf2 Nd5
28. e4 Nf4 29. Bf1 Nc6 30. Nb3 e5 31. Bc3 Rb8 32. Nd2 Bc8 33. Nc4 f6 34. Nd6
Be6 35. b7 g5 36. Ke3 Rd8 37. Bxa6 Rxd6 38. Bb5 Nb8 39. Ba5 Kf7 40. Bc7 Ke7 1-0

[Event "Obert Figueres Miquel Mas 2010"]
[Site "Figueres ESP"]
[Date "2010.08.17"]
[Round "8.14"]
[White "Gallego Terris, Rafael"]
[Black "Vilar Lopez, Monica"]
[Result "0-1"]
[WhiteElo "1951"]
[BlackElo "2166"]
[PlyCount "76"]
[EventDate "2011.08.11"]
[EventType "swiss"]
[EventRounds "9"]
[EventCountry "ESP"]
[Source "lmi"]
[SourceDate "2010.08.11"]

1. e4 e6 2. d4 d5 3. Nd2 c5 4. c3 a6 5. Ngf3 Nc6 6. e5 cxd4 7. cxd4 Qb6 8. Qb3
Bb4 9. Qe3 Nge7 10. Bd3 Nf5 11. Bxf5 exf5 12. O-O O-O 13. Rd1 Bd7 14. Nf1 Rac8
15. Ng3 Ne7 16. a3 Ng6 17. Qb3 Ba5 18. Qd3 Ba4 19. b4 Bxb4 20. axb4 Bxd1 21.
Qxd1 f4 22. Nh5 Rc4 23. Bd2 Rfc8 24. Ra5 Qe6 25. Nxf4 Nxf4 26. Bxf4 Rxb4 27.
Qd3 Qb6 28. Ra1 Rbc4 29. h4 h6 30. g4 Rc3 31. Qd1 Qg6 32. Nh2 Qe4 33. Be3 R8c6
34. Kf1 Qh1+ 35. Ke2 Qxh2 36. h5 Rc2+ 37. Bd2 Qf4 38. Ra3 Qxg4+ 0-1

[Event "Obert Figueres Miquel Mas 2010"]
[Site "Figueres ESP"]
[Date "2010.08.17"]
[Round "8.15"]
[White "Diaz Comas, Jordi"]
[Black "Alberto, Manuel"]
[Result "1/2-1/2"]
[WhiteElo "1918"]
[BlackElo "2140"]
[PlyCount "89"]
[EventDate "2011.08.11"]
[EventType "swiss"]
[EventRounds "9"]
[EventCountry "ESP"]
[Source "lmi"]
[SourceDate "2010.08.11"]

1. Nf3 Nf6 2. g3 g6 3. b3 Bg7 4. Bb2 b5 5. Bg2 Bb7 6. O-O O-O 7. a3 c5 8. c4
bxc4 9. bxc4 Qb6 10. Qc2 Nc6 11. e3 Rfc8 12. Nc3 Na5 13. d3 d5 14. Nxd5 Nxd5
15. Bxg7 Kxg7 16. Rab1 Qf6 17. cxd5 Bxd5 18. Qb2 c4 19. Qxf6+ Kxf6 20. Rb5 c3
21. Rxa5 Bxf3 22. Bxf3 Rab8 23. Ra6+ e6 24. Bd1 Rb2 25. Rxa7 c2 26. Bxc2 Rcxc2
27. Kg2 h5 28. Kf3 g5 29. h3 Ra2 30. d4 Rd2 31. Ra5 Kg6 32. Ra6 Kf6 33. a4 Ra3
34. Ke4 Rda2 35. g4 hxg4 36. hxg4 Kg7 37. Ra7 Rxa4 38. Rxa4 Rxa4 39. f4 gxf4
40. Kxf4 Kg6 41. Rc1 Ra2 42. Rc5 Rf2+ 43. Ke4 Rf1 44. Ra5 Rf2 45. Rc5 1/2-1/2

[Event "Obert Figueres Miquel Mas 2010"]
[Site "Figueres ESP"]
[Date "2010.08.17"]
[Round "8.17"]
[White "Cros Figueras, Eugeni"]
[Black "Prats Rodriguez, Juan Bosco"]
[Result "0-1"]
[WhiteElo "1890"]
[BlackElo "2106"]
[PlyCount "97"]
[EventDate "2011.08.11"]
[EventType "swiss"]
[EventRounds "9"]
[EventCountry "ESP"]
[Source "lmi"]
[SourceDate "2010.08.11"]

1. e4 c5 2. Nc3 Nc6 3. g3 g6 4. Bg2 Bg7 5. d3 d6 6. Be3 Rb8 7. Qd2 b5 8. Nge2
Nd4 9. h3 Qa5 10. f4 b4 11. Nd1 Qa4 12. Bxd4 cxd4 13. O-O e6 14. f5 exf5 15.
exf5 Bxf5 16. b3 Qd7 17. g4 Be6 18. Nf2 Ne7 19. a3 bxa3 20. Rxa3 Bd5 21. Ne4 f5
22. gxf5 gxf5 23. N4g3 Bxg2 24. Kxg2 O-O 25. Nf4 Bh6 26. Qf2 Nc6 27. Raa1 Kh8
28. Rae1 Rg8 29. Kh2 Bg7 30. Rg1 Be5 31. Nge2 Qf7 32. Rxg8+ Rxg8 33. Rg1 Rxg1
34. Kxg1 Qg7+ 35. Kf1 Nb4 36. Nh5 Qg5 37. Qf3 d5 38. Neg3 Qc1+ 39. Kg2 Qxc2+
40. Kg1 Qb1+ 41. Nf1 Qxd3 42. Qg2 Qa6 43. Kh1 Qg6 44. Qf3 f4 45. Nd2 Qf5 46.
Nc4 Bc7 47. Nd2 d3 48. Kh2 h6 49. Ng3 0-1

[Event "Obert Figueres Miquel Mas 2010"]
[Site "Figueres ESP"]
[Date "2010.08.17"]
[Round "8.18"]
[White "Sanchez Urpi, Oriol"]
[Black "Parals Marce, Luis"]
[Result "0-1"]
[WhiteElo "1911"]
[BlackElo "2058"]
[PlyCount "54"]
[EventDate "2011.08.11"]
[EventType "swiss"]
[EventRounds "9"]
[EventCountry "ESP"]
[Source "lmi"]
[SourceDate "2010.08.11"]

1. e4 c5 2. Nf3 e6 3. d4 cxd4 4. Nxd4 a6 5. Bd3 Bc5 6. Nb3 Ba7 7. O-O Nc6 8.
Qg4 Nf6 9. Qxg7 Rg8 10. Qh6 Rg6 11. Qd2 Ne5 12. Qe2 Nfg4 13. h3 Qh4 14. Kh1
Nxf2+ 15. Rxf2 Qxf2 16. Qxf2 Bxf2 17. Nc3 b5 18. Bf4 d6 19. Rd1 Nxd3 20. cxd3
e5 21. Bh2 Be6 22. Nd2 Rc8 23. a3 Ke7 24. Nf3 Rcg8 25. g4 h5 26. Rf1 Ba7 27.
Nh4 Rg5 0-1